<?xml version="1.0" encoding="UTF-8"?>
<record
    xmlns:xsi="http://www.w3.org/2001/XMLSchema-instance"
    xsi:schemaLocation="http://www.loc.gov/MARC21/slim http://www.loc.gov/standards/marcxml/schema/MARC21slim.xsd"
    xmlns="http://www.loc.gov/MARC21/slim">

  <leader>     nam a22     7a 4500</leader>
  <datafield tag="999" ind1=" " ind2=" ">
    <subfield code="c">7179</subfield>
    <subfield code="d">7179</subfield>
  </datafield>
  <controlfield tag="003">OSt</controlfield>
  <controlfield tag="005">20181115165846.0</controlfield>
  <controlfield tag="008">181115s2018    spc||||  ||||l0|0 0 cat|d</controlfield>
  <datafield tag="017" ind1=" " ind2=" ">
    <subfield code="a">DL Gi 553-2018</subfield>
    <subfield code="b">Biblioteca de Catalunya</subfield>
  </datafield>
  <datafield tag="040" ind1=" " ind2=" ">
    <subfield code="a">ES-BaBC</subfield>
    <subfield code="b">cat</subfield>
    <subfield code="c">CDMR</subfield>
  </datafield>
  <datafield tag="245" ind1="0" ind2="0">
    <subfield code="a">Capturant l'actualitat </subfield>
    <subfield code="b">: fotografies presentades a la novena edici&#xF3; dels Premis Carles Rahola de Comunicaci&#xF3; Local /</subfield>
    <subfield code="c">[fotografies:] Mart&#xED; Artalejo [i 17 m&#xE9;s] ; textos: Anna Estart&#xFA;s </subfield>
  </datafield>
  <datafield tag="260" ind1=" " ind2=" ">
    <subfield code="a">Girona :</subfield>
    <subfield code="b">Diputaci&#xF3; de Girona :</subfield>
    <subfield code="b">Demarcaci&#xF3; de Girona del Col&#xB7;legi de Periodistes de Catalunya,</subfield>
    <subfield code="c">[2018]</subfield>
  </datafield>
  <datafield tag="300" ind1=" " ind2=" ">
    <subfield code="a">32 p. :</subfield>
    <subfield code="b">principalment il&#xB7;lustracions (algunes en color) ;</subfield>
    <subfield code="c">24 cm</subfield>
  </datafield>
  <datafield tag="650" ind1="0" ind2="7">
    <subfield code="a">Fotografia documental</subfield>
    <subfield code="z">Catalunya</subfield>
    <subfield code="2">lemac</subfield>
    <subfield code="9">3095</subfield>
  </datafield>
  <datafield tag="650" ind1="0" ind2="7">
    <subfield code="a">Fotografia</subfield>
    <subfield code="x">Concursos</subfield>
    <subfield code="z">Catalunya</subfield>
    <subfield code="2">lemac</subfield>
    <subfield code="9">3096</subfield>
  </datafield>
  <datafield tag="700" ind1="1" ind2=" ">
    <subfield code="a">Estart&#xFA;s, Anna,</subfield>
  </datafield>
  <datafield tag="700" ind1="1" ind2=" ">
    <subfield code="a">Artalejo, Mart&#xED;</subfield>
    <subfield code="d">1968-</subfield>
    <subfield code="9">2315</subfield>
  </datafield>
  <datafield tag="710" ind1="1" ind2=" ">
    <subfield code="a">Girona (Catalunya : Prov&#xED;ncia).</subfield>
    <subfield code="b">Diputaci&#xF3;</subfield>
  </datafield>
  <datafield tag="710" ind1="2" ind2=" ">
    <subfield code="a">Col&#xB7;legi de Periodistes de Catalunya</subfield>
    <subfield code="b"> -- Demarcaci&#xF3; de Girona</subfield>
    <subfield code="9">95</subfield>
  </datafield>
  <datafield tag="942" ind1=" " ind2=" ">
    <subfield code="c">MON</subfield>
  </datafield>
  <datafield tag="952" ind1=" " ind2=" ">
    <subfield code="0">0</subfield>
    <subfield code="1">0</subfield>
    <subfield code="4">0</subfield>
    <subfield code="7">0</subfield>
    <subfield code="a">CDMR</subfield>
    <subfield code="b">CDMR</subfield>
    <subfield code="d">2018-11-15</subfield>
    <subfield code="e">Donaci&#xF3;</subfield>
    <subfield code="l">0</subfield>
    <subfield code="o">Ar 44</subfield>
    <subfield code="p">CDMR18111619</subfield>
    <subfield code="r">2018-11-15</subfield>
    <subfield code="w">2018-11-15</subfield>
    <subfield code="y">MON</subfield>
  </datafield>
</record>
